Chansons de Renaud - Statistiques

Statistiques générales
  • Ce quiz a été pris 866 fois
    859 depuis la dernière actualisation
  • Le résultat moyen est 39 sur 223
Statistiques - réponses
Réponse % Correct
Mistral gagnant
90%
Morgane de toi (amoureux de toi)
90%
Laisse béton
88%
Marche à l'ombre
79%
Ma gonzesse
76%
Putain de camion
73%
Amoureux de Paname
72%
Hexagone
70%
Marchand de cailloux
67%
Dans mon HLM
61%
Le Retour de Gérard Lambert
61%
Manu
61%
Manhattan-Kaboul
59%
À la Belle de Mai
57%
En cloque
57%
Miss Maggie
56%
Miss Maggie (version anglaise)
56%
Dès que le vent soufflera…
55%
Rouge sang
54%
Boucan d'enfer
51%
Docteur Renaud, Mister Renard
49%
Chanson pour Pierrot
44%
La Mère à Titi
43%
Société, tu m'auras pas !
42%
La Ballade nord-irlandaise
41%
Les Aventures de Gérard Lambert
40%
La Pêche à la ligne
38%
Les Bobos
38%
Mon beauf'
37%
Où c'est qu'j'ai mis mon flingue ?
37%
Germaine
32%
Petite
31%
Banlieue rouge
30%
C'est quand qu'on va où ?
30%
C'est mon dernier bal
29%
It is not because you are
29%
Molly Malone
28%
Déserteur
27%
Deuxième génération
27%
Camarade bourgeois
26%
La Blanche
26%
La Teigne
26%
P'tite Conne
26%
500 connards sur la ligne de départ
25%
Fatigué
25%
Le Père Noël noir
25%
Petit Pédé
25%
Viens chez moi j'habite chez une copine
25%
Les Charognards
24%
Mon bistrot préféré
24%
Rita
24%
Adieu minette
23%
J'ai raté Télé-Foot
22%
La Tire à Dédé
22%
Le Gorille
21%
Morts les enfants
21%
Trois Matelots
21%
Baston !
20%
J'ai retrouvé mon flingue !
20%
Je suis une bande de jeunes
20%
La Bande à Lucien
20%
La Médaille
20%
Ma chanson leur a pas plu…
20%
Ma chanson leur a pas plu (suite)
20%
Socialiste
20%
Il pleut
19%
Petite fille des sombres rues
19%
Pochtron !
19%
Tu vas au bal ?
19%
Arrêter la clope
18%
Baby-sitting blues
18%
Jonathan
18%
Le Retour de la Pépette
18%
Greta
17%
La Java sans joie
17%
L'Auto-stoppeuse
17%
Si t'es mon pote
17%
Son bleu
17%
Trivial poursuite
17%
Cent ans
16%
Doudou s'en fout
16%
Écoutez-moi les gavroches
16%
Elle a vu le loup
16%
La Chanson du loubard
16%
La Menthe à l'eau
16%
Mon amoureux
16%
La Ballade de Willy Brouillard
15%
Le petit chat est mort
15%
Le Sirop de la rue
15%
Malone
15%
Oscar
15%
Baltique
14%
Dans ton sac
14%
Elle est facho
14%
Lolito Lolita
14%
Loulou
14%
Mimi l'ennui
14%
Peau aime
14%
Soleil immonde
14%
Tonton
14%
Gueule d'aminche
13%
J'ai la vie qui m'pique les yeux
13%
Je suis un voyou
13%
L'Aquarium
13%
L'Entarté
13%
Le Tango de Massy-Palaiseau
13%
Mélusine
13%
Rouge-gorge
13%
Cœur perdu
12%
Étudiant-poils aux dents
12%
La Boum
12%
La Coupole
12%
Le Blues de la Porte d'Orléans
12%
Le Gringalet
12%
Les Dimanches à la con
12%
Me jette pas
12%
Mon nain de jardin
12%
Pourquoi d'abord ?
12%
Sans dec'
12%
Welcome Gorby
12%
À quelle heure on arrive ?
11%
Buffalo débile
11%
Chanson dégueulasse
11%
Ch'timi rock
11%
Dans la jungle
11%
Jojo le démago
11%
Près des autos tamponneuses
11%
Salut Manouche
11%
Adios Zapata !
10%
Brave Margot
10%
Elsa
10%
Les Amoureux des bancs publics
10%
Les Tomates
10%
P'tit Voleur
10%
Allongés sous les vagues
9%
Cheveu blanc
9%
Le Tango des élus
9%
L'Orage
9%
RS&RS
9%
Corsic'armes
8%
Je vis caché
8%
Ma blonde
8%
Olé !
8%
Danser à Rome
7%
Le Mauvais Sujet repenti
7%
Tant qu'il y aura des ombres
7%
Tout arrêter…
7%
Auprès de mon arbre
6%
Devant les lavabos
6%
P'tit déj' blues
6%
Tout in haut de ch’terril
6%
Adieu l'enfance
5%
À la téloche
5%
C'est pas du pipeau
5%
Je cruel
5%
Je m'appelle Galilée
5%
La Chasse aux papillons
5%
Le Bistrot
5%
Leonard's song
5%
Les Cinq Sens
5%
Touche pas à ma sœur
5%
Vagabonds
5%
À la close
4%
Hécatombe
4%
Jeanne
4%
La Femme d'Hector
4%
La Légende de la nonne
4%
La Marine
4%
Mal barrés
4%
Mon paradis perdu
4%
Nos vieux
4%
P… de toi
4%
Sentimentale mon cul !
4%
Toute seule à une table
4%
En la selva
3%
Fallait pas !…
3%
Fanny de la Sorgue
3%
Gastibelza (L'Homme à la carabine)
3%
Incendie
3%
Jusqu'à la fin du monde
3%
La Mauvaise Herbe
3%
La petite vague qui avait le mal de mer
3%
Le Camionneur rêveur
3%
Les Croquants
3%
Les Molettes
3%
M’lampiste
3%
Ourson prisonnier
3%
Pas de dimanches
3%
Rien à te mettre
3%
26 avril
2%
À Carlingford
2%
Adieu à Rhondda
2%
Belfast Mill
2%
Ch’méneu d’quévaux
2%
Comme hier
2%
Dù qu'i sont ?
2%
Fille de joie
2%
I bot un d'mi
2%
J'ai rendez-vous avec vous
2%
Johnston's Motor Car
2%
La Complainte des filles de joie
2%
La Fille de Cavan
2%
Le Père Noël et la petite fille
2%
Les Illusions perdues
2%
Les Oiseaux de passage
2%
Le Tango du cachalot
2%
Le Vieux Léon
2%
Philistins
2%
Pondichéry
2%
Sidi h' bibi
2%
Willie McBride
2%
Zénobe
2%
Adieu ch’terril d’Rimbert
1%
Celui qui a mal tourné
1%
Dubliners
1%
El pinsionnée
1%
Encore un rhum
1%
Eun’ goutt’ ed’ jus
1%
Je reviendrai…
1%
Le Petit Garçon
1%
Te marie pas, Mary !
1%
Y'in a qu’pour li
1%
Aucun quiz correspondant
Distribution des résultats
% des personnes avec chaque résultat
Percentile par nombre de réponses
Votre historique - résultats
Vous n’avez pas pris ce quiz depuis la dernière actualisation